<?xml version="1.0" encoding="UTF-8"?>
<record
    xmlns:xsi="http://www.w3.org/2001/XMLSchema-instance"
    xsi:schemaLocation="http://www.loc.gov/MARC21/slim http://www.loc.gov/standards/marcxml/schema/MARC21slim.xsd"
    xmlns="http://www.loc.gov/MARC21/slim">

  <leader>00495nam a22001457a 4500</leader>
  <datafield tag="999" ind1=" " ind2=" ">
    <subfield code="c">133430</subfield>
    <subfield code="d">133430</subfield>
  </datafield>
  <controlfield tag="005">20240314100950.0</controlfield>
  <controlfield tag="008">240314b           ||||| |||| 00| 0 eng d</controlfield>
  <datafield tag="040" ind1=" " ind2=" ">
    <subfield code="c">PK-LaUMT</subfield>
  </datafield>
  <datafield tag="082" ind1=" " ind2=" ">
    <subfield code="a">APC 297.2111</subfield>
    <subfield code="b">ASG-R</subfield>
  </datafield>
  <datafield tag="100" ind1=" " ind2=" ">
    <subfield code="a">Asghar Ali Ijaz Chishti =  &#x627;&#x635;&#x63A;&#x631; &#x639;&#x644;&#x6CC; &#x627;&#x639;&#x62C;&#x627;&#x632; &#x686;&#x634;&#x62A;&#x6CC; </subfield>
  </datafield>
  <datafield tag="245" ind1=" " ind2=" ">
    <subfield code="a">Rabb i kainat =  &#x631;&#x628; &#x6A9;&#x627;&#x626;&#x646;&#x627;&#x62A; /</subfield>
    <subfield code="c">by Asghar Ali Ijaz Chishti =  &#x627;&#x635;&#x63A;&#x631; &#x639;&#x644;&#x6CC; &#x627;&#x639;&#x62C;&#x627;&#x632; &#x686;&#x634;&#x62A;&#x6CC; </subfield>
  </datafield>
  <datafield tag="260" ind1=" " ind2=" ">
    <subfield code="a">Lahore ;</subfield>
    <subfield code="b">Andaz Publications,</subfield>
    <subfield code="c">2006</subfield>
  </datafield>
  <datafield tag="300" ind1=" " ind2=" ">
    <subfield code="a">287 p.</subfield>
  </datafield>
  <datafield tag="942" ind1=" " ind2=" ">
    <subfield code="c">BK</subfield>
  </datafield>
  <datafield tag="952" ind1=" " ind2=" ">
    <subfield code="0">0</subfield>
    <subfield code="1">0</subfield>
    <subfield code="4">0</subfield>
    <subfield code="7">0</subfield>
    <subfield code="a">01</subfield>
    <subfield code="b">01</subfield>
    <subfield code="d">2024-03-14</subfield>
    <subfield code="l">0</subfield>
    <subfield code="o">APC 297.2111 ASG-R</subfield>
    <subfield code="p">146921</subfield>
    <subfield code="r">2024-03-14 00:00:00</subfield>
    <subfield code="w">2024-03-14</subfield>
    <subfield code="y">BK</subfield>
  </datafield>
</record>
